000 00205 a2200097 4500
001 29472
100 _aBrown
245 _aGuinnes History of air worfar
260 _a
_bGuinness
_c
090 _c19653
_d19653
942 _aNUST-CAE
_cM
_c10728
999 _c264545
_d264545